000 00858nam a2200217 a 4500
005 20210219160355.0
008 081027s1994 mx r 000 0 spa d
035 _aUPN01000164243
049 _aUNE
080 _a37.014 (7/8)=20 "1994" EDU No.37.
245 0 0 _aEducation, equity and economic competiveness in the Americas :
_bAn Inter-American dialogue project : Volume I: Key issues /
_cEditors by Jeffrey M. Puryear; José Joaquín Brunner.
260 _aWashington, D.C. :
_bOAS,
_c1994.
300 _ax, 124 p.
440 0 _aColección INTERAMER; 37
690 _aCooperacion educacional- Economia de la educacion
690 _aFinanciamiento de la educacion- Reforma de la educacion
700 1 _aPuryear, Jeffrey M., edit.
700 1 _aBrunner, José Joaquín, edit.
710 2 _aOrganización de los Estados Americanos
905 _aUNESCO
999 _c136355
_d136355